000 00489nam a2200181Ia 4500
999 _c32998
_d32998
003 OSt
005 20200826110047.0
008 190216s9999||||xx |||||||||||||| ||und||
040 _coclc
082 _a530
_bGUP/P
100 _aGupta, S L
_91031
245 0 _aPractical Physics /
_cS L Gupta ; V Kumar
250 _a12th Ed.
260 _bPragathi Prakashan,
_c1984.
_aMeerut:
300 _a472p
650 _aPhysics
942 _cBK
_2ddc
_h530
_iGUP/P
_k530
_mGUP/P